000 00350nam a2200133Ia 4500
005 20260328104248.0
008 260328s9999||||xx |||||||||||||| ||und||
100 _aCarver J.R, Norman F
245 0 _aForm and Space of Japanse Architecture /
_cNorman F Carver J.R
260 _bShokokusha
300 _a200 p.
650 _aARQUITECTURA
942 _cBK
999 _c10133
_d10133